| 000 | 00829nam a22002657a 4500 | ||
|---|---|---|---|
| 001 | 2166 | ||
| 003 | FISKH | ||
| 005 | 20250815123909.0 | ||
| 008 | 231108b cb ||||| |||| 00| 0 eng d | ||
| 020 | _a9781584765523 | ||
| 040 |
_aFISKH _beng _cFISKH _dFISKH |
||
| 050 | _aPN6728.C38 | ||
| 082 | _a741.5 | ||
| 100 | _aMoore, Carol McAdams | ||
| 245 |
_aCave Dave : _bDogs weren't always man's best friend / |
||
| 260 |
_aNorwalk : _bInnovative kid, _c2007. |
||
| 300 |
_a24 unnumbered pages : _bcolor illustrations ; _c23 cm |
||
| 490 |
_aPhonics comics _vvolume 13 issue 1 |
||
| 505 | _aE | ||
| 520 | _aCave Dave gets a new pet, digs a hole, and gets lost in the fog. Presented in comic-book format. | ||
| 521 | 8 |
_a200
_bLexile |
|
| 521 | 8 |
_aE
_bRaz-Plus |
|
| 650 |
_aDog _vComics |
||
| 942 |
_2ddc _cBK _n0 |
||
| 999 |
_c2166 _d2166 |
||